| 000 | 00597nam a2200217 a 4500 | ||
|---|---|---|---|
| 005 | 20140310183441.0 | ||
| 008 | 080716s19uu xx 00 eng d | ||
| 020 | _a0140504478 | ||
| 050 |
_aPZ 7 _b.Or634 1984 |
||
| 100 | _aOrmerod, Jan | ||
| 245 |
_a101 things to do with a baby / _cJan Ormerod |
||
| 260 |
_aEngland : _bPuffin Books, _c1986. |
||
| 300 |
_a99 p. : _bcol. ill. ; _c22 cm. |
||
| 521 | _aNUR | ||
| 650 |
_aBabies _xFiction. |
||
| 650 |
_aBrothers and sisters _xFiction. |
||
| 650 | _aChild rearing. | ||
| 650 | _aPediatric nursing. | ||
| 942 |
_cBK _2lcc _kFOR |
||
| 999 |
_c23128 _d23128 |
||